Pays d’Europe sur une carte - Statistiques

Statistiques générales
  • Ce quiz a été pris 10 fois
  • Le résultat moyen est 2 sur 42
Réponses sur la Carte
Les réponses sont colorées sur une échelle allant du rouge au vert en fonction du pourcentage des utilisateurs qui les ont devinées à leur premier essai. Vous pouvez retrouver ces pourcentages ci-dessous.
 
Statistiques - réponses
Réponse % Correct
belgique
30%
croatie
30%
allemagne
20%
finlande
20%
France
20%
andorre
10%
autriche
10%
bosnie-herzegovine
10%
estonie
10%
grece
10%
irlande
10%
portugal
10%
ukraine
10%
vatican
10%
bielorussie
0%
bulgarie
0%
Danemark
0%
espagne
0%
Gibraltar
0%
hongrie
0%
Islande
0%
italie
0%
kosovo
0%
lettonie
0%
liechtenstein
0%
lituanie
0%
luxembourg
0%
Macédoine du nord
0%
Moldavie
0%
monaco
0%
montenegro
0%
norvege
0%
pologne
0%
royaume uni
0%
russie
0%
saint marin
0%
Serbie
0%
slovaquie
0%
slovenie
0%
suede
0%
suisse
0%
tchequie
0%
Aucun quiz correspondant
Distribution des résultats
% des personnes avec chaque résultat
Percentile par nombre de réponses
Votre historique - résultats
Vous n’avez pas pris ce quiz